[Event "HCL-B176"]
[Site "www.playchess.de"]
[Date "2001.03.17"]
[Round "8"]
[White "Stefan"]
[Black "daniela"]
[WhiteElo "1417"]
[BlackElo "1500"]
[PlyCount "41"]
[Result "1-0"]

1.e4 e6 {I am new on this page and hope for 
interesting games.}  2.d4 {Hello.}  d5 3.Nc3 Bb4 
{I wish you a good weekend.}  4.e5 c5 5.a3 Bxc3+ 
6.bxc3 c4 7.Qg4 g6 8.Be2 f6 9.Nh3 Nd7 10.Qxe6+ Qe7 
11.Qxd5 Nb6 12.Qa5 Bf5 13.Bxc4 Nxc4 14.Qb5+ Kf8 
15.Qxc4 fxe5 16.O-O Bxh3 17.gxh3 exd4 18.a4 Kg7 
19.cxd4 Nh6 20.d5 Nf5 21.Bb2+ 1-0

[Event "HCL-B176"]
[Site "www.playchess.de"]
[Date "2001.03.17"]
[Round "21"]
[White "dakini"]
[Black "scotland"]
[WhiteElo "1414"]
[BlackElo "1500"]
[PlyCount "63"]
[Result "1/2-1/2"]

1.e4 e6 {Good Luck!!}  2.d4 {So hellow! Let´s play 
a nice game!}  d5 3.e5 c5 4.Nf3 Qb6 {yes,I hope it 
is a good game!!}  5.c4 Nc6 6.Be3 Be7 7.Nc3 cxd4 
8.Nxd4 Nxd4 9.Bxd4 Qc7 10.Nb5 Bb4+ 11.Bc3 Bxc3+ 
12.bxc3 Qxe5+ 13.Qe2 Qxe2+ 14.Bxe2 Kd7 15.cxd5 
exd5 16.O-O a6 17.Nd4 Nf6 18.Rac1 b5 19.Rca1 Bb7 
20.a4 bxa4 21.Rxa4 Rhc8 22.c4 dxc4 23.Bxc4 Ke7 
24.Re1+ Kf8 25.Nf5 Rce8 26.Kf1 Rxe1+ 27.Kxe1 Re8+ 
28.Kf1 Rd8 29.Bxa6 Bxa6+ 30.Rxa6 Nd5 31.Nd6 g6 
32.Nb7 1/2-1/2

[Event "HCL-A078"]
[Site "www.playchess.de"]
[Date "2001.03.17"]
[Round "9"]
[White "radi2001"]
[Black "teenspirit"]
[WhiteElo "1700"]
[BlackElo "1732"]
[PlyCount "22"]
[Result "0-1"]

1.d4 Nf6 {Hi!}  2.c4 e6 3.Nc3 Bb4 4.e3 b6 5.Nf3 
Bb7 6.Be2 O-O 7.O-O Bxc3 8.bxc3 Ne4 9.Qc2 f5 
10.Rd1 Rf6 11.d5 Qe7 0-1

[Event "ACL-A095"]
[Site "www.playchess.de"]
[Date "2001.03.17"]
[Round "7"]
[White "chucaniam"]
[Black "vishnawathen"]
[WhiteElo "1500"]
[BlackElo "1500"]
[PlyCount "54"]
[Result "1-0"]

1.e4 {hi}  e5 2.Nf3 Nc6 3.Bb5 Qf6 4.Nc3 Bb4 5.Nd5 
Qd6 6.c3 Bc5 7.O-O Na5 8.b4 c6 9.bxc5 Qb8 10.c4 
cxd5 11.cxd5 Nf6 12.Bb2 b6 13.Bxe5 Qb7 14.Qa4 bxc5 
15.Bxf6 O-O 16.Bc3 a6 17.Be2 Nc6 18.dxc6 dxc6 
19.Rab1 Qd7 20.Ne5 Qe6 21.Qxc6 Bd7 22.Qxd7 Qxa2 
23.Qg4 Qc2 24.Nd7 f6 25.Nd7 Kxf8 26.Nxf8 Rxa6 
27.Bxa6 Qc8+ 1-0

[Event "ACL-A095"]
[Site "www.playchess.de"]
[Date "2001.03.17"]
[Round "13"]
[White "Argus"]
[Black "radi2001"]
[WhiteElo "1500"]
[BlackElo "1500"]
[PlyCount "23"]
[Result "1-0"]

1.d4 Nf6 2.c4 g6 3.Nc3 Bg7 4.e4 d6 5.f3 O-O 6.Bd3 
e5 7.dxe5 dxe5 8.Be3 c6 9.Nge2 Qe7 10.Qa4 Na6 
11.O-O Nd7 12.Rad1 1-0

[Event "ACL-A095"]
[Site "www.playchess.de"]
[Date "2001.03.17"]
[Round "15"]
[White "chucaniam"]
[Black "radi2001"]
[WhiteElo "1500"]
[BlackElo "1500"]
[PlyCount "35"]
[Result "1-0"]

1.e4 e6 2.d4 {francis}  d5 3.Nd2 Nf6 4.exd5 exd5 
5.Ngf3 Bd6 6.Be2 O-O 7.O-O Re8 8.c4 c6 9.c5 Bc7 
10.Re1 b6 11.b4 Bg4 12.h3 Bh5 13.a4 bxc5 14.bxc5 
Ba5 15.Ne5 Bxe2 16.Rxe2 Bxd2 17.Bxd2 Ne4 
18.Qe1 1-0

[Event "HCL-A078"]
[Site "www.playchess.de"]
[Date "2001.03.17"]
[Round "15"]
[White "radi2001"]
[Black "chessnut"]
[WhiteElo "1700"]
[BlackElo "2020"]
[PlyCount "30"]
[Result "0-1"]

1.d4 Nf6 2.c4 g6 3.Nc3 Bg7 4.e4 d6 5.Nf3 O-O 6.Be2 
c5 7.d5 Nbd7 8.O-O b6 9.h3 a6 10.Be3 Bb7 11.Nh2 
Re8 12.f4 e6 13.dxe6 Rxe6 14.e5 dxe5 15.f5 
gxf5 0-1

[Event "ACL-A095"]
[Site "www.playchess.de"]
[Date "2001.03.17"]
[Round "21"]
[White "radi2001"]
[Black "chessnut"]
[WhiteElo "1500"]
[BlackElo "1501"]
[PlyCount "30"]
[Result "0-1"]

1.d4 f5 2.Nf3 Nf6 3.h4 e6 4.g3 d5 5.Bg2 c5 6.c3 
Be7 7.Bf4 Nc6 8.O-O O-O 9.Nbd2 b6 10.Qc2 Ne4 11.a3 
Ba6 12.Rfe1 Rc8 13.e3 Qe8 14.Ne5 Nxe5 15.Bxe5 
Bb7 0-1

[Event "HCL-E024"]
[Site "www.playchess.de"]
[Date "2001.03.17"]
[Round "24"]
[White "peze2"]
[Black "KARFOPOULOS"]
[WhiteElo "2294"]
[BlackElo "2350"]
[PlyCount "44"]
[Result "1/2-1/2"]

1.c4 {Hello again!}  c6 {Hello,I am getting bored 
to play all my games with the black pieces.}  2.e4 
{I'm innocent! :))}  d5 3.exd5 cxd5 4.d4 Nf6 5.Nc3 
g6 6.cxd5 Nxd5 7.Qb3 Nb6 8.Bb5+ Bd7 9.Nf3 Bg7 
10.O-O O-O 11.Bxd7 Qxd7 12.Re1 Nc6 13.d5 Na5 
14.Qb4 Nac4 15.Qxe7 Rfd8 16.Qh4 Rde8 17.Rd1 Rac8 
18.Ng5 h6 19.Nge4 g5 20.Qh5 Na4 21.Rb1 Nxc3 
22.Nxc3 Bxc3 1/2-1/2

[Event "HCL-M006"]
[Site "www.playchess.de"]
[Date "2001.03.17"]
[Round "8"]
[White "rayschutt"]
[Black "SanjeevChhiber"]
[WhiteElo "2635"]
[BlackElo "2200"]
[PlyCount "61"]
[Result "1-0"]

1.c4 {Greetings!}  Nf6 {Best of luck}  2.Nc3 e6 
{where are u from?}  3.e4 {I live in a town near 
San Francisco, California, USA -}  Nc6 {i am from 
India}  4.d4 {I recognized your flag next to your 
name. I hope the tragic Gujaret earthquake  spared 
you.}  Bb4 5.e5 Ne4 6.Qc2 Nxc3 {Thanx. Gujerat is 
1500 km away .I was there for 10 days post-quake 
leading a medical team it was bad}  7.bxc3 {Our 
worst quake here was in 1906, which destroyed part 
of San Francisco.}  Be7 8.Bd3 g6 9.Nf3 b6 10.O-O 
Ba6 11.Bf4 {.}  Na5 12.Nd2 d5 13.cxd5 Bxd3 14.Qxd3 
Qxd5 15.c4 Qd8 16.Nb3 Nxb3 17.axb3 O-O {I am from 
kashmir,now living in New Delhi}  18.Rfd1 {Too 
much tragic violence in Kashmir - Will the 
conflict there ever be solved?}  c6 {Pakistan and 
Taleban,Barbaric hordes}  19.Bh6 {The Taleban are 
also destruying the largest Buddhist statues  in 
the world.  Besides hosting Osama.}  Re8 20.Qe4 
Qc7 21.Rd3 Bf8 22.Qf4 Bxh6 23.Qxh6 Qe7 24.Rh3 f5 
25.exf6 Qf7 26.Qf4 {I will be on a trip until 
13.03}  Ref8 27.Rf3 Rad8 28.Qe5 Qd7 29.g3 Qd6 
30.Rxa7 Rf7 31.Ra8 1-0

[Event "HCL-B164"]
[Site "www.playchess.de"]
[Date "2001.03.17"]
[Round "9"]
[White "Killer"]
[Black "Stefan"]
[WhiteElo "1500"]
[BlackElo "1377"]
[PlyCount "29"]
[Result "1-0"]

1.e4 d6 2.d4 Nf6 3.Nc3 g6 4.f4 Bg7 5.Nf3 O-O 6.Bd3 
Na6 7.O-O Nb4 8.Be3 Nxd3 9.Qxd3 e6 10.Rad1 Ng4 
11.h3 Nxe3 12.Qxe3 {DRAWS}  b6 {I play chess for 
fun, and early draws is no fun!}  13.g4 Bb7 14.f5 
exf5 15.gxf5 1-0

[Event "HCL-B164"]
[Site "www.playchess.de"]
[Date "2001.03.17"]
[Round "17"]
[White "serpens"]
[Black "MP"]
[WhiteElo "1500"]
[BlackElo "1566"]
[PlyCount "42"]
[Result "0-1"]

1.e4 c5 2.f4 Nc6 3.Nf3 d6 4.Bb5 a6 5.Bxc6+ bxc6 
6.c4 g6 7.b3 Bg7 8.Nc3 Nf6 9.O-O O-O 10.d4 cxd4 
11.Nxd4 c5 12.Nf3 Bb7 13.e5 dxe5 14.Qxd8 Rfxd8 
15.fxe5 Nd7 16.Ng5 Nxe5 17.Bf4 h6 18.Bxe5 Bxe5 
19.Rac1 hxg5 20.Ne4 Bxe4 21.Rce1 
f5 0-1

[Event "HCL-B164"]
[Site "www.playchess.de"]
[Date "2001.03.17"]
[Round "28"]
[White "MP"]
[Black "iq160"]
[WhiteElo "1566"]
[BlackElo "1301"]
[PlyCount "62"]
[Result "0-1"]

1.d4 Nf6 2.Nf3 g6 {Pole?}  3.e3 d6 4.Be2 Bg7 5.O-O 
O-O 6.c4 c5 {I'm gonna have a break for a couple 
of days, so long.}  7.d5 Na6 8.a3 Bf5 9.Nc3 Qb6 
10.Bd3 Bxd3 11.Qxd3 Nc7 12.Rb1 e6 13.Bd2 exd5 
14.cxd5 Qb3 15.e4 Rae8 16.Rfe1 c4 17.Qe3 Ng4 
18.Qf4 Ne5 19.Nxe5 Bxe5 20.Qf3 f5 21.exf5 Rxf5 
22.Qh3 Bd4 23.Rxe8+ Nxe8 24.Ne4 Qxh3 25.gxh3 Rxd5 
26.Bc3 Bxc3 27.bxc3 b6 28.Kg2 Rd3 29.Rc1 d5 30.Ng5 
Nd6 31.Rc2 Nb5 0-1

[Event "HCL-A082"]
[Site "www.playchess.de"]
[Date "2001.03.17"]
[Round "2"]
[White "WYSIWYG"]
[Black "Eduardo"]
[WhiteElo "1800"]
[BlackElo "1900"]
[PlyCount "20"]
[Result "0-1"]

1.e4 c5 2.Nc3 e6 3.Nf3 Nc6 4.d3 d5 5.g3 g6 6.exd5 
exd5 7.d4 cxd4 8.Nxd4 Bg7 9.Be3 Nf6 10.Bb5 
Bd7 0-1

[Event "HCL-A082"]
[Site "www.playchess.de"]
[Date "2001.03.17"]
[Round "10"]
[White "Belka"]
[Black "paule"]
[WhiteElo "1720"]
[BlackElo "1960"]
[PlyCount "60"]
[Result "0-1"]

1.e4 e6 2.d4 d5 3.Nd2 c5 4.exd5 exd5 5.Bb5+ Nc6 
6.Qe2+ Be7 7.dxc5 Nf6 8.Nb3 O-O 9.Be3 a6 10.Ba4 
Re8 11.O-O-O Bd7 12.Nf3 Rc8 13.Bxc6 Bxc6 14.Nfd2 
a5 15.Qd3 a4 16.Nd4 Bxc5 17.Nxc6 Rxc6 18.Bxc5 Rxc5 
19.Qd4 Qc7 20.Qxa4 b5 21.Qd4 Rxc2+ 22.Kb1 Rc8 
23.f3 Qc6 24.g3 Nd7 25.Nb3 Nb6 26.Qd3 Nc4 27.Qxd5 
Rxb2+ 28.Ka1 Qf6 29.Qd4 Rxa2+ 30.Kxa2 
Qa6+ 0-1

[Event "HCL-A081"]
[Site "www.playchess.de"]
[Date "2001.03.17"]
[Round "7"]
[White "kondor"]
[Black "peze"]
[WhiteElo "1638"]
[BlackElo "1970"]
[PlyCount "47"]
[Result "1/2-1/2"]

1.e4 e5 {Hello again!}  2.Nf3 {Hello!}  Nf6 3.Nxe5 
d6 4.Nf3 Nxe4 5.d4 d5 6.Bd3 Bd6 7.O-O O-O 8.c4 c6 
9.cxd5 cxd5 10.Nc3 Nxc3 11.bxc3 Nc6 12.Ng5 h6 
13.Qh5 Qc7 14.Nh7 Rd8 15.Nf6+ gxf6 16.Bxh6 Ne7 
17.Rae1 f5 18.Bg5 Ng6 19.Bxd8 Qxd8 20.Bxf5 Bxf5 
21.Qxf5 Qc7 22.h3 Rd8 23.Re3 Qc8 
24.Rf3 1/2-1/2

[Event "HCL-B185"]
[Site "www.playchess.de"]
[Date "2001.03.17"]
[Round "8"]
[White "quant"]
[Black "jack-up"]
[WhiteElo "1260"]
[BlackElo "1543"]
[PlyCount "21"]
[Result "1-0"]

1.e4 {hi good luck}  c5 {hello good luck to you 
too}  2.Nf3 g6 3.d4 Bg7 4.Be3 Nc6 5.Nc3 Qb6 6.Na4 
Qa5+ 7.Nc3 Qb6 8.Nd5 Qd8 9.c3 e6 10.Nf4 Nf6 
11.d5 1-0

[Event "HCL-M006"]
[Site "www.playchess.de"]
[Date "2001.03.17"]
[Round "24"]
[White "ARMAGEDON_8"]
[Black "VladTepesh"]
[WhiteElo "2264"]
[BlackElo "2200"]
[PlyCount "35"]
[Result "1-0"]

1.e4 {good luck!!}  e6 {prepare for battle}  2.d4 
{BORN TO BE READY, I AM AN ASSAULT MACHINE}  d5 
{prepare to be impaled your head will be on my 
pike}  3.Nc3 {you forgot that Iam armagedon...}  
Nf6 {No you fagot Im VLADthe IMPALER}  4.e5 {WE 
SHALL SEE}  Ne4 {prepare for battle}  5.Nxe4 dxe4 
{your move}  6.Be3 {you choose a rather tricky 
variation.}  f5 {Is it possible to castle in check 
yes or no? Please anwser do you no?}  7.Bc4 {of 
course not,you cannot castle in a check.}  Bb4+ 
{You know I think you are paying attention}  8.c3 
{I DO NOT TAKE PRISONERS}  Be7 {Of course not your 
better than that arnt you.}  9.Qb3 Bd7 {No 
prisoners . Just a chess lesson or two .YOUR 
MOVE.....}  10.Ne2 {I AM NOT A 
PAWNGRABBER,DEVELOPMENT IT IS MORE IMPORTANT!!!}  
Bh4 {What if your development gets broken down 
like a bitch.}  11.Nf4 {OK,now face the saddam 
hussein attack}  g5 {youv obviously have fagoton 
who youare dealing with that move is temporely 
savedyou YOU WILL LOSE...}  12.Nxe6 {VLAD I WILL 
LET TURKISH TO "EAT" YOUR LEFTOVERS.}  Bxf2+ {So 
where is thouest great attacking machine.YOUthink 
this is end of days but my reign has onlyBEGAN}  
13.Bxf2 {OK,IT'S YOUR DECISION}  Qe7 {I guess You 
think you know the out come of this dont you.}  
14.Nxc7+ Kd8 {your move}  15.Nxa8 f4 {Three more 
move hum. what happend to the site.DOyou no.}  
16.Qxb7 {SOFTOWARE PROBLEMS.}  Be8 {your move}  
17.Qxb8+ Kd7 {your move}  18.Qc7+ 1-0

[Event "HCL-M006"]
[Site "www.playchess.de"]
[Date "2001.03.17"]
[Round "30"]
[White "rayschutt"]
[Black "bundyboy"]
[WhiteElo "2635"]
[BlackElo "2200"]
[PlyCount "40"]
[Result "0-1"]

1.d4 {hello}  d5 2.c4 c6 3.Nf3 Nf6 4.Nc3 dxc4 5.a4 
Bf5 6.Ne5 Nbd7 7.Nxc4 Qc7 8.g3 e5 9.dxe5 Nxe5 
10.Bf4 Nfd7 11.Bg2 f6 12.O-O Nc5 13.e4 Bg6 14.Nxe5 
fxe5 15.Be3 Be7 16.f4 Rd8 17.Qg4 Nd3 18.f5 Bf7 
19.Qxg7 Rg8 20.Qxh7 Bf6 0-1

[Event "HCL-A081"]
[Site "www.playchess.de"]
[Date "2001.03.17"]
[Round "25"]
[White "gelus"]
[Black "Belka"]
[WhiteElo "1892"]
[BlackElo "1720"]
[PlyCount "52"]
[Result "1/2-1/2"]

1.d4 Nf6 2.c4 c5 3.Nf3 cxd4 4.Nxd4 e6 5.Nc3 Bb4 
6.Bd2 Nc6 7.e3 O-O 8.Be2 d5 9.Nc2 Bc5 10.cxd5 exd5 
11.O-O Bf5 12.Rc1 a6 13.Bf3 Re8 14.Ne2 Ne5 15.Ncd4 
Nxf3+ 16.Nxf3 Rc8 17.Bc3 Ne4 18.Bd4 Bd6 19.Qb3 Qd7 
20.Bb6 Bg4 21.Ned4 Bh5 22.h3 Bg6 23.a3 Nc5 24.Bxc5 
Bxc5 25.Rc3 Be4 26.Rfc1 Bd6 1/2-1/2

[Event "HCL-C194"]
[Site "www.playchess.de"]
[Date "2001.03.17"]
[Round "3"]
[White "spinny33"]
[Black "Ackley338"]
[WhiteElo "1000"]
[BlackElo "1000"]
[PlyCount "60"]
[Result "0-1"]

1.c3 {hi}  d5 {Hello. My name is Tom. How 'bout 
you?}  2.Qc2 {tony, where in the usa are you from, 
tom??}  Nf6 {I'm from the state of Missouri. 
Midwest part of the country.}  3.e3 {nice}  a6 
{How 'bout you? Where you from?}  4.Be2 {i am from 
england, i live 30 minutes from london..}  Bd7 
5.Nh3 b5 6.a4 e5 7.d4 e4 8.Na3 b4 9.cxb4 Bxb4+ 
{Ahhhh.....there's blood on the battlefield!}  
10.Bd2 {it certainly is a violent game...lol}  Nc6 
11.O-O O-O 12.f3 Bd6 13.Nf4 Bxf4 14.exf4 Nxd4 
15.Qd1 Re8 16.fxe4 dxe4 {Had much luck against the 
other fellas?}  17.Rc1 {not to well really, how 
about you?}  Be6 {I got a message this morning 
that Surak resigned his game against me. All 
others are close.}  18.Ba5 {you are doing quite 
well then....}  Nb3 {That was a good move. I 
should have seen it coming.}  19.Qxd8 {thanks, 
your move was very very good...}  Rexd8 {Hope 
you're enjoying the weekend. We finally got soem 
nice weather here.}  20.Bxc7 {snowing here...}  
Rdc8 {Lucky you. It was 45degrees here and sunny.} 
 21.Rc6 Nd4 22.Rxa6 Rxa6 {Looks like it's all down 
hill from here.}  23.Bxa6 {who for????}  Ra8 {Not 
the move I had expected you to make.}  24.Rd1 {i 
am an not very experienced, i will probably snatch 
defeat from the jaws of victory..}  Rxa6 
{Doubtful}  25.Rxd4 Bd7 26.Rb4 h6 27.Nc4 Rxa4 
{Looks like the server is back. I thought we may 
have lost our games.}  28.Rb8+ {i wish we 
had...lol}  Kh7 {This is a pretty good game. I 
just gave away my queen on another game. Real 
bonehead move on my part}  29.Ne5 {this is a good 
game, how many games are you still playing in this 
tournamnet?}  e3 {I'm still playing 3 games, but 
one person hasn't made a move in over 2 weeks. How 
about you?}  30.Nxd7 {i am playing one other game, 
but he hasnt moved for ages, probably the same 
person}  Ra1+ {I'll bet it's the same person. He 
has only 5 days left on his clock.} 
 0-1

[Event "HCL-A080"]
[Site "www.playchess.de"]
[Date "2001.03.17"]
[Round "16"]
[White "Dr_Marinko"]
[Black "peze"]
[WhiteElo "1700"]
[BlackElo "1970"]
[PlyCount "54"]
[Result "0-1"]

1.e4 e5 {Hi and Good Luck!}  2.Bc4 {hi...good 
luck!}  Nf6 3.Nc3 Nc6 4.a3 Bc5 5.d3 d6 6.Bg5 h6 
7.Bh4 Bg4 8.Nge2 Nd4 9.O-O g5 10.Bg3 Qd7 11.Kh1 
O-O-O 12.f3 Be6 13.Bxe6 fxe6 14.Bf2 Rhf8 15.b4 
Nxe2 16.Nxe2 Bxf2 17.Rxf2 Ng4 18.Qe1 Nxf2+ 19.Qxf2 
Qa4 20.c4 Qc2 21.Qe3 Qb2 22.Rc1 Qxa3 23.b5 Qc5 
24.Qd2 g4 25.fxg4 Rf2 26.Re1 Rdf8 27.Qxh6 R2f1+ 
{Qxh6?? Mate in 3 moves! Thank you for the game.} 
 0-1

[Event "HCL-C196"]
[Site "www.playchess.de"]
[Date "2001.03.17"]
[Round "10"]
[White "Edik"]
[Black "Venezuela"]
[WhiteElo "677"]
[BlackElo "1000"]
[PlyCount "37"]
[Result "1-0"]

1.e4 e5 {Good Luck!}  2.Nf3 {Ñïàñèáî! È Âàì òîæå!} 
 Nc6 {I'm sorry but I am guessing that what you 
wrote means Good Luck, doesn't it ?}  3.Bb5 {I'm 
sorry, yes, Good Luck!}  a6 4.Ba4 Qf6 5.c3 g6 6.d3 
Nge7 7.Bg5 Qe6 8.O-O h6 9.Be3 h5 10.Ng5 Qf6 11.Bb3 
Bh6 12.Nxf7 Bxe3 13.fxe3 Qg7 14.Nxh8 Qxh8 15.Qf3 
d6 16.Qf7+ Kd7 17.Be6+ Kd8 18.Qf8+ Qxf8 
19.Rxf8+ 1-0

[Event "ACL-A105"]
[Site "www.playchess.de"]
[Date "2001.03.17"]
[Round "8"]
[White "pgschumy"]
[Black "guerino"]
[WhiteElo "1500"]
[BlackElo "1199"]
[PlyCount "51"]
[Result "1/2-1/2"]

1.e4 {Hi!}  e6 2.d4 d5 3.exd5 exd5 4.Nf3 Bg4 5.h3 
Bh5 6.Be2 Nf6 7.O-O Bd6 8.Re1 O-O 9.a3 c6 10.Bg5 
Nbd7 11.Nbd2 h6 12.Bxf6 Nxf6 13.Ne5 Bxe2 14.Rxe2 
Re8 15.Nef3 Qd7 16.b4 a6 17.Ra2 Rxe2 18.Qxe2 Re8 
19.Qd3 Re6 20.Ra1 Qe7 21.Qf1 Ne4 22.Nxe4 Rxe4 
23.Re1 f5 24.Rxe4 Qxe4 25.c3 Kf7 
26.Qe1 1/2-1/2

[Event "HCL-A088"]
[Site "www.playchess.de"]
[Date "2001.03.17"]
[Round "17"]
[White "peze"]
[Black "markjburden"]
[WhiteElo "2005"]
[BlackElo "1359"]
[PlyCount "89"]
[Result "1-0"]

1.e4 {Hello again!}  c5 {i'll see how long i last 
in this game - good luck - i have a feeling i will 
need it :)}  2.Nf3 {Good luck! :-))}  d6 3.d4 cxd4 
4.Nxd4 Nc6 5.Nc3 e5 6.Nb3 Nf6 7.Bc4 a6 8.O-O Be7 
9.Be3 b5 10.Bd5 Bd7 11.a3 Rc8 12.Qd2 O-O 13.h3 Qe8 
14.Rfd1 Qd8 15.Qd3 b4 16.Bxc6 Bxc6 17.axb4 Bb5 
18.Nxb5 axb5 19.c3 Qe8 20.Bg5 Rd8 21.Na5 Qd7 
22.Bxf6 Bxf6 23.Qd5 Rdb8 24.Qxd6 Qxd6 25.Rxd6 Rba8 
26.Rb6 Rfb8 27.Rxb8+ Rxb8 28.Nc6 Rc8 29.Na7 Ra8 
30.Ra5 Bd8 31.Ra3 Bb6 32.Nxb5 Rd8 33.Ra6 Rb8 
34.Na3 f6 35.Nc4 Bc7 36.Ne3 Rd8 37.c4 h6 38.c5 Rd4 
39.Ra7 Bd8 40.b5 Kh7 41.Nd5 f5 42.b6 Bxb6 43.cxb6 
fxe4 44.b7 Rxd5 45.b8Q {%}  1-0

[Event "HCL-C201"]
[Site "www.playchess.de"]
[Date "2001.03.17"]
[Round "19"]
[White "MEATHEAD"]
[Black "McLeod"]
[WhiteElo "1029"]
[BlackElo "1000"]
[PlyCount "64"]
[Result "0-1"]

1.Nc3 d5 2.Nxd5 Qxd5 3.Nf3 Nf6 4.d3 e5 5.e4 Qd6 
6.d4 Bg4 7.h3 Bxf3 8.Qxf3 Qxd4 9.Bd2 Qxe4+ 10.Qxe4 
Nxe4 11.Be3 Bb4+ 12.c3 Nxc3 13.Bd2 Nd5 14.a3 Bxd2+ 
15.Kxd2 O-O 16.Bc4 Nb6 17.Bb3 Nc6 18.Rac1 Nd4 
19.Ba2 Rad8 20.Rxc7 Nb5+ 21.Ke3 Nxc7 22.Rc1 Ncd5+ 
23.Ke2 Nf4+ 24.Kf1 Rdc8 25.Re1 Nd3 26.Re3 Rfd8 
27.Ke2 Rc2+ 28.Kf3 Rxf2+ 29.Kg3 Rxb2 30.Bxf7+ Kxf7 
31.Rf3+ Nf4 32.h4 Rxg2+ 0-1

[Event "HCL-M013"]
[Site "www.playchess.de"]
[Date "2001.03.17"]
[Round "32"]
[White "ARMAGEDON_8"]
[Black "ajedrez"]
[WhiteElo "2232"]
[BlackElo "2337"]
[PlyCount "31"]
[Result "1/2-1/2"]

1.e4 {GOOD LUCK!!!}  e5 {Hello, and good luck.}  
2.Nf3 Nc6 3.Bb5 {FIRST TIME IN THE SITE,THAT I 
CHOOSE TO PLAY SPANISH.}  a6 {No one played it 
against me until now.}  4.Ba4 Nf6 5.O-O Be7 6.Re1 
b5 7.Bb3 O-O 8.c3 d5 9.exd5 e4 {I never played 
this line before. The results in my database are 
even.}  10.dxc6 {I HAVE NEVER MET THIS LINE IN 
TOURNAMENT ARENA.}  exf3 {It has been a long time 
forgotten. But the results are not bad for black. 
We'll see.}  11.d4 Re8 12.Bg5 {I HAVE NEVER SEEN 
THIS MOVE,NEW ?}  Bg4 {It's only new when you play 
Bg4, as I did.}  13.h3 {I FOUND A GAME WITH 
11..Re8,BROWNE-BISGUIER FROM USA CHAMPIONSHIP IN 
1973}  Bh5 {Yes indeed. But they didn't play it 
with Bg4 after Bg5. Didn't they?}  14.g4 {YOU ARE 
RIGHT.}  Nxg4 {This line is my own invention. I 
hope it works. If not, so what?}  15.Bxe7 Rxe7 
16.Rxe7 {TO BE HONEST, THE BEST I CAN GET IS DRAW} 
 1/2-1/2

[Event "HCL-B204"]
[Site "www.playchess.de"]
[Date "2001.03.17"]
[Round "2"]
[White "Jeff_Foster"]
[Black "Translightor"]
[WhiteElo "1495"]
[BlackElo "1474"]
[PlyCount "57"]
[Result "1/2-1/2"]

1.d4 d5 {Hello again!}  2.c4 {hi!  Good luck!}  e6 
3.Nc3 Nf6 4.Nf3 Be7 5.Bf4 O-O 6.e3 c6 7.Bd3 dxc4 
8.Bxc4 Nbd7 9.O-O Nb6 10.Bd3 Nbd5 11.Bg3 h6 12.Rc1 
Bd7 13.Ne5 Be8 14.Nxd5 cxd5 15.Qc2 Bd6 16.Bh4 Be7 
17.Qc7 Rb8 18.Bxf6 Bxf6 19.f4 Qxc7 20.Rxc7 Bd8 
21.Rc2 Bf6 22.Rfc1 Bxe5 23.fxe5 Bd7 24.b3 Rbc8 
25.Kf2 Rc6 26.Ke2 Rfc8 27.R2xc6 Rxc6 28.Rxc6 Bxc6 
{Congratulations to your promotion into class A.}  
29.Kf3 {Bit of a fluke that :)  I'll be back in B 
before you know it!}  1/2-1/2

[Event "HCL-E034"]
[Site "www.playchess.de"]
[Date "2001.03.17"]
[Round "6"]
[White "paule"]
[Black "O1"]
[WhiteElo "2031"]
[BlackElo "2000"]
[PlyCount "55"]
[Result "1-0"]

1.e4 e6 2.d4 d5 3.Nd2 a6 4.Ngf3 c5 5.exd5 exd5 
6.Be2 cxd4 7.O-O Bd6 8.Nb3 Ne7 9.Bg5 Nbc6 10.Bh4 
Qb6 11.Bg3 Bxg3 12.hxg3 O-O 13.Nfxd4 Nf5 14.c3 
Nfxd4 15.cxd4 Bf5 16.Qd2 Rfe8 17.Rfc1 Rac8 18.Rc3 
h6 19.Bf3 Be4 20.Bg4 Rcd8 21.Nc5 Re7 22.Re1 Qa7 
23.Rce3 Rc7 24.Nxe4 dxe4 25.R3xe4 Rxd4 26.R4e8+ 
Kh7 27.Bf5+ g6 28.Rh8+ 1-0

[Event "HCL-B204"]
[Site "www.playchess.de"]
[Date "2001.03.17"]
[Round "11"]
[White "Translightor"]
[Black "Torenvalk"]
[WhiteElo "1474"]
[BlackElo "1646"]
[PlyCount "61"]
[Result "1-0"]

1.e4 {Hello & Good Luck!}  c5 2.Nf3 d6 3.d4 cxd4 
4.Nxd4 Nf6 {Hi}  5.Nc3 a6 6.Bg5 e6 7.f4 Be7 8.Qf3 
Qc7 9.O-O-O O-O 10.Bd3 Nc6 11.Nxc6 bxc6 12.Qg3 Nh5 
13.Qh4 Bxg5 14.fxg5 g6 15.Rhf1 e5 16.Ne2 Be6 17.g4 
Ng7 18.Rf3 Rfb8 19.Rh3 Qb6 20.Qxh7+ Kf8 21.b3 Ne8 
22.Rf1 Ke7 23.Rhf3 d5 24.R3xf7+ Kd6 25.exd5 cxd5 
26.Qxg6 Nc7 27.R1f6 Qe3+ 28.Kb1 a5 29.Rxc7 a4 
30.Rxe6+ Kxc7 {Congratulations checkmate in two.}  
31.Qf7+ {Thanks. It was not easy, though, due to 
your possible counterplay.}  1-0

[Event "HCL-B217"]
[Site "www.playchess.de"]
[Date "2001.03.17"]
[Round "7"]
[White "Stephen21"]
[Black "Ciociosan"]
[WhiteElo "1182"]
[BlackElo "1640"]
[PlyCount "36"]
[Result "0-1"]

1.Nf3 c5 2.c4 Nf6 3.Nc3 d5 4.cxd5 Nxd5 5.Qb3 e6 
6.e4 Nb4 7.Bb5+ Bd7 8.Ne5 Bxb5 9.Nxb5 Nd7 10.Nxd7 
Qxd7 11.Qc4 a6 12.Nc3 Nc2+ 13.Ke2 Nxa1 14.Na4 b5 
15.Nb6 bxc4 16.Nxd7 Kxd7 17.d3 Nc2 18.Rd1 
Nd4+ 0-1

[Event "HCL-C211"]
[Site "www.playchess.de"]
[Date "2001.03.17"]
[Round "15"]
[White "nikolayk"]
[Black "wael"]
[WhiteElo "1029"]
[BlackElo "1401"]
[PlyCount "39"]
[Result "1-0"]

1.e4 c5 2.Nf3 d6 3.d4 cxd4 4.Nxd4 Nf6 5.Nc3 a6 
6.Be2 e6 7.O-O Be7 8.Bf3 O-O 9.Qd3 Nbd7 10.Be2 Nc5 
11.Qf3 b5 12.e5 Bb7 13.Qg3 dxe5 14.Bh6 Ne8 
15.Ndxb5 Bh4 16.Qxe5 gxh6 17.Qxc5 axb5 18.Qxb5 Rb8 
19.Qb4 Kh8 20.Qxf8+ 1-0

[Event "ACL-A114"]
[Site "www.playchess.de"]
[Date "2001.03.17"]
[Round "4"]
[White "Yogibear"]
[Black "Aldebaran"]
[WhiteElo "1819"]
[BlackElo "1500"]
[PlyCount "21"]
[Result "1-0"]

1.d3 {hello-have a nice game!}  d5 {hi, have a 
nice game, too}  2.g3 e5 3.Bg2 Bg4 4.c4 c6 5.Qb3 
Qc8 6.cxd5 cxd5 7.Nc3 Be6 8.Bxd5 Nf6 9.Bxb7 Bxb3 
10.Bxc8 Nc6 11.Bb7 1-0